Politický konzervativismus sen a realita

Gespeichert in:
Bibliographische Detailangaben
1. Verfasser: Nisbet, Robert
Format: Buch
Sprache:Tschechisch
Veröffentlicht: Voznice LEDA 2011
Ausgabe:2. přeprac. vyd.
Schlagworte:
Tags: Tag hinzufügen
Keine Tags, Fügen Sie das erste Tag hinzu!

MARC

LEADER 00000nam a2200000 4500
001 0149340
005 20221207093736.9
020 |a 978-80-7335-259-2 
041 0 |a cze 
044 |a CZ 
245 1 0 |a Politický konzervativismus  |b sen a realita  |c Robert Nisbet 
250 |a 2. přeprac. vyd. 
264 1 |a Voznice  |b LEDA  |c 2011 
300 |a 206 s. 
610 2 0 |a konzervativizmus 
610 2 0 |a ideológia 
610 2 0 |a politika 
100 1 |a Nisbet, Robert